000
00298nam a22001097a 4500
008
160608b xxu||||| |||| 00| 0 eng d
020
_a
0813003418
082
_a
657 FOU
100
_a
Stone, Willard (ED)
245
_a
Foundation of Accounting Theory
260
_a
Gainesville
_b
University of Florida Press
999
_c
4180
_d
4180